The CQ researcher (Record no. 116993)
[ view plain ]
| 000 -LEADER | |
|---|---|
| fixed length control field | 01927cas a22003975a 4500 |
| 001 - CONTROL NUMBER | |
| control field | vtls003135278 |
| 003 - CONTROL NUMBER IDENTIFIER | |
| control field | MY-SjTCS |
| 005 - DATE AND TIME OF LATEST TRANSACTION | |
| control field | 20200226113637.0 |
| 006 - FIXED-LENGTH DATA ELEMENTS--ADDITIONAL MATERIAL CHARACTERISTICS | |
| fixed length control field | m d |||||| |
| 007 - PHYSICAL DESCRIPTION FIXED FIELD--GENERAL INFORMATION | |
| fixed length control field | cr anunnnuuuaa |
| 008 - FIXED-LENGTH DATA ELEMENTS--GENERAL INFORMATION | |
| fixed length control field | 910419c19919999dcuwx p bs 0 a0eng d |
| 022 0# - INTERNATIONAL STANDARD SERIAL NUMBER | |
| International Standard Serial Number | 1056-2036 |
| Incorrect ISSN | 0013-0958 |
| Source | 1 |
| 035 ## - SYSTEM CONTROL NUMBER | |
| System control number | (EbpS)ebs678169 |
| 039 #9 - LEVEL OF BIBLIOGRAPHIC CONTROL AND CODING DETAIL [OBSOLETE] | |
| Level of rules in bibliographic description | 201212030847 |
| Level of effort used to assign nonsubject heading access points | pushpa |
| -- | 200812260846 |
| -- | VLOAD |
| 245 04 - TITLE STATEMENT | |
| Title | The CQ researcher |
| Medium | [electronic resource]. |
| 246 3# - VARYING FORM OF TITLE | |
| Title proper/short title | Congressional quarterly researcher |
| 260 ## - PUBLICATION, DISTRIBUTION, ETC. | |
| Place of publication, distribution, etc. | Washington, DC : |
| Name of publisher, distributor, etc. | Congressional Quarterly, Inc. in conjunction with EBSCO Pub., |
| Date of publication, distribution, etc. | c1991- |
| 310 ## - CURRENT PUBLICATION FREQUENCY | |
| Current publication frequency | Forty-eight no. a year |
| 362 0# - DATES OF PUBLICATION AND/OR SEQUENTIAL DESIGNATION | |
| Dates of publication and/or sequential designation | Vol. 1, no. 1 (May 10, 1991)- |
| 500 ## - GENERAL NOTE | |
| General note | Title from caption. |
| 500 ## - GENERAL NOTE | |
| General note | Latest issue consulted: Vol. 1 no. 4 (May 31, 1991). |
| 500 ## - GENERAL NOTE | |
| General note | Periodical |
| 515 ## - NUMBERING PECULIARITIES NOTE | |
| Numbering peculiarities note | First issue preceeded by a prototype called: Vol. 1, no. 1 (Mar. 20, 1991). |
| 529 ## - | |
| -- | TSLHHL |
| 530 ## - ADDITIONAL PHYSICAL FORM AVAILABLE NOTE | |
| Additional physical form available note | Indexing and abstracting for print publication. |
| 555 ## - CUMULATIVE INDEX/FINDING AIDS NOTE | |
| Cumulative index/finding aids note | Has quarterly subject-title index which cumulates annually. |
| 580 ## - LINKING ENTRY COMPLEXITY NOTE | |
| Linking entry complexity note | Cumulated in: CQ researcher (Quarterly cumulation), and CQ researcher (Annual cumulation). |
| 650 #0 - SUBJECT ADDED ENTRY--TOPICAL TERM | |
| Topical term or geographic name entry element | Policy sciences |
| Form subdivision | Periodicals. |
| 650 #0 - SUBJECT ADDED ENTRY--TOPICAL TERM | |
| Topical term or geographic name entry element | Political planning |
| Geographic subdivision | United States |
| Form subdivision | Periodicals. |
| 651 #0 - SUBJECT ADDED ENTRY--GEOGRAPHIC NAME | |
| Geographic name | United States |
| General subdivision | Politics and government |
| Chronological subdivision | 1989- |
| Form subdivision | Periodicals. |
| 710 2# - ADDED ENTRY--CORPORATE NAME | |
| Corporate name or jurisdiction name as entry element | Congressional Quarterly, inc. |
| 9 (RLIN) | 31932 |
| 710 2# - ADDED ENTRY--CORPORATE NAME | |
| Corporate name or jurisdiction name as entry element | EBSCO Publishing (Firm) |
| 9 (RLIN) | 30446 |
| 773 0# - HOST ITEM ENTRY | |
| Title | Academic Source Complete |
| Place, publisher, and date of publication | Ipswich, MA : EBSCO Publishing, 1999- |
| 780 00 - PRECEDING ENTRY | |
| Title | Congressional quarterly's editorial research reports |
| International Standard Serial Number | 1057-0926 |
| Record control number | (DLC) 87648703 |
| -- | (OCoLC)15637686 |
| 856 40 - ELECTRONIC LOCATION AND ACCESS | |
| Materials specified | Abstracts Available: May 1991- |
| Public note | Available on EBSCOhost. |
| Uniform Resource Identifier | https://ezproxy.taylors.edu.my/login?url=https://search.ebscohost.com/direct.asp?db=a9h&jid=CQE |
| Withdrawn status | Lost status | Damaged status | Not for loan | Home library | Current library | Date acquired | Total Checkouts | Date last seen | Price effective from | Koha item type |
|---|---|---|---|---|---|---|---|---|---|---|
| e-journal | Taylor's Library-TU | Taylor's Library-TU | 10/12/2025 | 10/12/2025 | 10/12/2025 | Journals |